01285nam a22003137a 4500008004100000020002800041020001400069020001400083020001800097020001800115020003100133040001800164041000800182245009800190260005500288300003200343490003800375504005300413505014700466610004500613650004900658650001600707650001300723651004600736651004900782700003300831700003000864856007700894130821s2007 xxua gr eng  a0821367161cpbk. : v. 1 a821364960 a821364979 a9780821364963 a9780821364970 a9780821367162cpbk. : v. 2 aCo-BoUCMbspa00aeng00aReforming agricultural trade for developing countriescAlex F. McCalla & John Nash, editores. aWashington D.C. (Estados Unidos)bWorld Bankc2007 a2volúmenesbilustraciones aAgriculture and Rural Development aIncluye referencias bibliográficas e índice.0 aV. 1 : Key issues for a pro-development outcome of the Doha Round negotiations. -- V. 2 : Quantifying the impact of multilateral trade reform.2 aOrganización Mundial del Comercio. OMC04aAgricultura y EstadozPaíses en desarrollo04aAgricultura04aComercio 7aPaíses en desarrolloxComercio exterior 7aPaíses en desarrolloxPolítica comercial1 aMcCalla, Alex F.d1937-eed.1 aNash, John D.d1953-eed.413Tabla de contenidouhttp://www.loc.gov/catdir/toc/fy0716/2006049111.html